Teratai Teratak Desa
| Main Author: | |
|---|---|
| Format: | Book |
| Published: |
Kuala Lumpur :
DBP ,
1995
|
MARC
| LEADER | 00000cam a2200000 7i4500 | ||
|---|---|---|---|
| 001 | 0000007375 | ||
| 002 | 000007931 | ||
| 005 | 20000330.0 | ||
| 020 | |a 9836247440 | ||
| 090 | 0 | 0 | |a F |b WZA |
| 100 | 0 | |a W.Zalina Razali | |
| 245 | 1 | 0 | |a Teratai Teratak Desa |c W.Zalina Razali |
| 260 | |a Kuala Lumpur : |b DBP , |c 1995 | ||
| 300 | |a 165p. : |b ill ; |c 18cm. | ||
| 999 | |a 055340 |b BUKU |c FICTION |e PERPUSTAKAAN KOMUNITI CAW KOTA DAMANSARA | ||